Представление документа в формате RUSMARC

ПолеНазваниеЗначение
  Тип записи a
  Библиографический уровень c
001 Контрольный номер SKBR/91d90bc7-a85f-409e-9e9d-34bca01fd064
005 Дата корректировки 20260508093503.9
010 Индекс ISBN __
a ISBN 978-5-17-176299-5
b Уточнения в пер.
9 Тираж 3000 экз.
100 Данные общей обработки __
a Данные общей обработки 20251030d2025 c y0rusy028902 ca
101 Язык документа 0_
a Язык текста rus
102 Страна публикации __
a Страна публикации RU
105 Кодированные данные (монография) __
a Кодированные данные (монография) y z 000ay
181 Поле кодированных данных: вид содержания _0
a Код вида содержания (ISBD) i
182 Поле кодированных данных: тип средства _0
a Код типа средства (ISBD) n
200 Заглавие и сведения об ответственности 1_
a Заглавие Русские сказки
e Сведения, относящиеся к заглавию [для детей до 3 лет
f Первые сведения об ответственности иллюстрации, [обработка] Г. Новожилова
203 Вид содержания и тип средства __
a Вид содержания Текст
a Вид содержания Изображение
b Характеристика содержания двухмерное
b Характеристика содержания неподвижное
c Тип средства непосредственные
210 Выходные данные 1_
a Место издания Москва
c Издательство Малыш
c Издательство АСТ
d Дата издания 2025
215 Физическое описание __
d Формат 29 см
a Объем 164, [3] с.
c Иллюстрации/тип воспроизводства цв. ил.
225 Серия 2_
a Серия Сокровища мировой литературы для детей
330 Аннотация __
a Аннотация Знакомы ли вам русские сказки? Конечно, да! Но знаете ли вы, что сказочный мир гораздо шире, чем мы привыкли думать? Геннадий Новожилов, журналист и художник, с детства был уверен, что мир сказки – почти такой же реальный, как наш, и герои его куда интереснее и многограннее, чем нам кажется. Именно такой мир – яркий, смешной, поучительный - Геннадий Новожилов создал в своих пересказах русских сказок и иллюстрациях к ним. В этой книге знакомые герои: Иван-царевич, Василиса Премудрая, Кощей Бессмертный, Баба-Яга и другие - становятся объёмными и живыми и щедро делятся с читателем всем, что осталось "за кадром" классических версий Откройте эту книгу – и погрузитесь в очаровательный и неповторимый мир русской сказки!
333 Примечание о целевом назначении __
a Примечание о целевом назначении 0+
464 Аналитический уровень _0
1 2001
a Про лису и Котофей Котофеича
464 Аналитический уровень _0
1 2001
a Битый небитого везет
464 Аналитический уровень _0
1 2001
a Лень и Отеть
464 Аналитический уровень _0
1 2001
a Сестрица Аленушка и братец Иванушка
464 Аналитический уровень _0
1 2001
a Цыган и Змей
464 Аналитический уровень _0
1 2001
a Медведь-Липовая Нога
464 Аналитический уровень _0
1 2001
a Мена
464 Аналитический уровень _0
1 2001
a Нужда
464 Аналитический уровень _0
1 2001
a Зимовье зверей
464 Аналитический уровень _0
1 2001
a Баба-Яга
464 Аналитический уровень _0
1 2001
a Марья Моревна
464 Аналитический уровень _0
1 2001
a Репка
464 Аналитический уровень _0
1 2001
a Царевна-лягушка
606 Тематические рубрики __
2 Код системы nlr_sh
a Основная рубрика Художественная литература
606 Тематические рубрики __
2 Код системы nlr_sh
a Основная рубрика Современная русская литература (произведения)
606 Тематические рубрики __
2 Код системы nlr_sh
a Основная рубрика Фольклор
606 Тематические рубрики __
2 Код системы nlr_sh
a Основная рубрика Фольклор России
610 Ключевые слова 0_
a Ключевые слова детская литература
610 Ключевые слова 0_
a Ключевые слова детские сказки
610 Ключевые слова 0_
a Ключевые слова русские сказки
610 Ключевые слова 0_
a Ключевые слова русские народные сказки
610 Ключевые слова 0_
a Ключевые слова волшебные сказки
610 Ключевые слова 0_
a Ключевые слова сказки о животных
610 Ключевые слова 0_
a Ключевые слова бытовые сказки
610 Ключевые слова 0_
a Ключевые слова русский фольклор
610 Ключевые слова 0_
a Ключевые слова авторские сказки
610 Ключевые слова 0_
a Ключевые слова литературные сказки
610 Ключевые слова 0_
a Ключевые слова сказочные приключения
610 Ключевые слова 0_
a Ключевые слова сказки для детей
610 Ключевые слова 0_
a Ключевые слова устное народное творчество
610 Ключевые слова 0_
a Ключевые слова ретеллинг сказок
686 Индексы других классификаций __
2 Код системы rubbks
a Классификационный индекс мл84
686 Индексы других классификаций __
2 Код системы rubbks
a Классификационный индекс мл84.2
702 Вторичная интеллектуальная ответственность _1
a Фамилия Новожилов
b Имя Г. Д.
f Даты 1936-2007
g Полное личное имя Геннадий Дмитриевич
4 Код отношения 440
4 Код отношения 010
801 Источник записи _0
a Страна RU
b Организация NLR
c Дата составления 20251030
g Правила каталогизации PSBO
801 Источник записи _1
a Страна RU
b Организация NLR
c Дата составления 20251030
g Правила каталогизации PSBO
801 Источник записи _2
a Страна RU
b Организация NLR
c Дата составления 20251102
2 Код формата rusmarc
g Правила каталогизации PSBO
852 Данные о местонахождении __
i Авторский знак Р 89
j Шифр хранения мл84
901 Тип документа __
a Ответственный ООФиК/Губина
t Тип документа x
901 Тип документа __
a Ответственный без партии
903 Характеристики (МАРС) __
a Дата передачи 20260507
c Наименование библиотеки (МАРС) Муниципальное бюджетное учреждение культуры "Централизованная библиотечная система" г. Сургут (Центральная городская библиотека им. А. С. Пушкина)
969 Тип издания __
a Тип издания издание для детей